[Event "Novosibirsk"]
[Site "Novosibirsk"]
[Date "2014.07.28"]
[Round "7"]
[White "Kagirov, Ravil"]
[Black "Petrukhin, Denis"]
[Result "1/2-1/2"]
[WhiteElo "2289"]
[BlackElo "2364"]
[PlyCount "89"]
[EventDate "2014.07.22"]
[EventType "tourn"]
[EventRounds "9"]
[EventCountry "RUS"]
[SourceTitle "EXT 2016"]
[Source "ChessBase"]
[SourceDate "2015.10.08"]
[SourceVersion "1"]
[SourceVersionDate "2015.10.08"]
[SourceQuality "1"]

1. d4 Nf6 2. Nc3 d5 3. Nf3 g6 4. g3 Bg7 5. Bg2 0-0 6. 0-0 Nbd7 7. a4 a5 8. h3 c6 9. Re1 Ne4 10. Nxe4 dxe4 11. Ng5 Nf6 12. g4 Qd5 13. f3 e5 14. fxe4 Qxd4+ 15. Qxd4 exd4 16. e5 Nd7 17. e6 Ne5 18. exf7+ Nxf7 19. Nxf7 Rxf7 20. Ra3 Be6 21. Rf3 Re7 22. Bg5 Rd7 23. Bf6 Bd5 24. Rf2 Bxg2 25. Kxg2 Bxf6 26. Rxf6 Re8 27. Rf3 Re5 28. Rd3 c5 29. c3 Re4 30. cxd4 Rdxd4 31. Rxd4 Rxd4 32. Rc1 b6 33. b3 Rb4 34. Rc3 g5 35. Rf3 Kg7 36. Kf2 Kg6 37. Ke1 h5 38. gxh5+ Kxh5 39. Kd2 c4 40. bxc4 Rxc4 41. Rf6 Kh4 42. Rh6+ Kg3 43. Rg6 Rxa4 44. Rxg5+ Kxh3 45. Rb5 1/2-1/2

[Event "Novosibirsk"]
[Site "Novosibirsk"]
[Date "2014.07.27"]
[Round "6"]
[White "Mkrtchian, Simon"]
[Black "Kagirov, Ravil"]
[Result "1/2-1/2"]
[WhiteElo "2294"]
[BlackElo "2289"]
[PlyCount "113"]
[EventDate "2014.07.22"]
[EventType "tourn"]
[EventRounds "9"]
[EventCountry "RUS"]
[SourceTitle "EXT 2016"]
[Source "ChessBase"]
[SourceDate "2015.10.08"]
[SourceVersion "1"]
[SourceVersionDate "2015.10.08"]
[SourceQuality "1"]

1. e4 d5 2. exd5 Nf6 3. d4 Nxd5 4. c4 Nf6 5. Nc3 e5 6. dxe5 Qxd1+ 7. Nxd1 Ne4 8. f3 Bb4+ 9. Ke2 Nc5 10. Ne3 Nc6 11. Nd5 Bf5 12. Be3 Ne6 13. Kf2 h5 14. f4 0-0-0 15. Nf3 Nc5 16. Ng5 Ne4+ 17. Nxe4 Bxe4 18. a3 Be7 19. Nc3 Bf5 20. Be2 f6 21. Nd5 fxe5 22. fxe5 Be4 23. Rhd1 Bxd5 24. Rxd5 Rxd5 25. cxd5 Nxe5 26. h3 a6 27. g3 Bd6 28. Kg2 g6 29. Rf1 Re8 30. Bd4 Nc6 31. dxc6 Rxe2+ 32. Kf3 Rd2 33. Ke4 Rg2 34. Bf2 g5 35. Kf3 Rh2 36. cxb7+ Kxb7 37. b4 Rxh3 38. Kg2 g4 39. Rc1 h4 40. gxh4 Rh2+ 41. Kg1 g3 42. Bc5 Rxh4 43. Bxd6 cxd6 44. Kg2 Rg4 45. Rd1 Kc6 46. Rc1+ Kb5 47. Rd1 Rg6 48. Rd4 Kc6 49. a4 d5 50. Rd3 Rg4 51. Rb3 d4 52. Rxg3 Rxg3+ 53. Kxg3 Kd5 54. Kf2 Ke4 55. b5 axb5 56. axb5 Kd5 57. Ke2 1/2-1/2

[Event "Novosibirsk"]
[Site "Novosibirsk"]
[Date "2014.07.24"]
[Round "3"]
[White "Giljazitdinov, Eduard"]
[Black "Kagirov, Ravil"]
[Result "1/2-1/2"]
[WhiteElo "2098"]
[BlackElo "2289"]
[PlyCount "31"]
[EventDate "2014.07.22"]
[EventType "tourn"]
[EventRounds "9"]
[EventCountry "RUS"]
[SourceTitle "EXT 2016"]
[Source "ChessBase"]
[SourceDate "2015.10.08"]
[SourceVersion "1"]
[SourceVersionDate "2015.10.08"]
[SourceQuality "1"]

1. e4 e6 2. d4 d5 3. exd5 exd5 4. Bd3 Bd6 5. Nc3 Nc6 6. Nge2 Nge7 7. f3 0-0 8. Be3 Be6 9. Qd2 Qd7 10. 0-0-0 Bf5 11. Bxf5 Nxf5 12. Rhe1 Nxe3 13. Qxe3 Rae8 14. Qd2 Qf5 15. Kb1 h6 16. h3 1/2-1/2

[Event "Novosibirsk"]
[Site "Novosibirsk"]
[Date "2014.07.23"]
[Round "2"]
[White "Kagirov, Ravil"]
[Black "Akselrod, Vladislav"]
[Result "0-1"]
[WhiteElo "2289"]
[BlackElo "2413"]
[PlyCount "68"]
[EventDate "2014.07.22"]
[EventType "tourn"]
[EventRounds "9"]
[EventCountry "RUS"]
[SourceTitle "EXT 2016"]
[Source "ChessBase"]
[SourceDate "2015.10.08"]
[SourceVersion "1"]
[SourceVersionDate "2015.10.08"]
[SourceQuality "1"]

1. d4 Nf6 2. Nc3 d5 3. Bg5 Nbd7 4. e3 h6 5. Bh4 e6 6. Nf3 c5 7. dxc5 Bxc5 8. Be2 a6 9. 0-0 b5 10. Nd4 Bb7 11. f4 0-0 12. Bf3 Qb6 13. a4 b4 14. a5 Qc7 15. Nce2 e5 16. fxe5 Qxe5 17. Kh1 Qxe3 18. Nf5 Qe5 19. Ned4 Bxd4 20. Nxd4 Rac8 21. Ra4 Rc4 22. c3 bxc3 23. Rxc4 dxc4 24. Bxb7 cxb2 25. Nc6 Qe4 26. Bxf6 Nxf6 27. Re1 Ng4 28. Qb1 Qxb1 29. Rxb1 c3 30. Nb4 Rb8 31. Na2 Rxb7 32. Nxc3 Rc7 33. Na2 Nf2+ 34. Kg1 Nd3 0-1

[Event "Novosibirsk"]
[Site "Novosibirsk"]
[Date "2014.07.22"]
[Round "1"]
[White "Kezin, Roman"]
[Black "Kagirov, Ravil"]
[Result "1-0"]
[WhiteElo "2382"]
[BlackElo "2289"]
[PlyCount "61"]
[EventDate "2014.07.22"]
[EventType "tourn"]
[EventRounds "9"]
[EventCountry "RUS"]
[SourceTitle "EXT 2016"]
[Source "ChessBase"]
[SourceDate "2015.10.08"]
[SourceVersion "1"]
[SourceVersionDate "2015.10.08"]
[SourceQuality "1"]

1. d4 d5 2. c4 e6 3. Nf3 Nc6 4. Nc3 a6 5. cxd5 exd5 6. Qb3 Be6 7. Bf4 Bd6 8. Bxd6 Qxd6 9. Qxb7 Rb8 10. Qxa6 Rxb2 11. e3 Rc2 12. Nb1 Nf6 13. Nbd2 0-0 14. Bb5 Ne4 15. Qa4 Rc3 16. a3 f5 17. 0-0 f4 18. Rac1 Rxc1 19. Rxc1 Ne7 20. Qb4 Qxb4 21. axb4 fxe3 22. fxe3 Nxd2 23. Nxd2 Nf5 24. Bd3 Rb8 25. Rc6 Nd6 26. Rxc7 Bf5 27. Rc6 Bxd3 28. Rxd6 Rb5 29. Nf3 Kf8 30. Ne5 Be4 31. Rb6 1-0

[Event "Pavlodar Nikitin Memorial"]
[Site "Pavlodar"]
[Date "2014.01.18"]
[Round "1"]
[White "Suleymenov, Alisher"]
[Black "Kagirov, Ravil"]
[Result "0-1"]
[WhiteElo "1984"]
[BlackElo "2272"]
[PlyCount "58"]
[EventDate "2014.01.18"]
[EventType "tourn"]
[EventRounds "11"]
[EventCountry "KAZ"]
[EventCategory "4"]
[SourceTitle "EXT 2015"]
[Source "ChessBase"]
[SourceDate "2014.11.20"]
[SourceVersion "1"]
[SourceVersionDate "2014.11.20"]
[SourceQuality "1"]

1. d4 d6 2. c4 e5 3. Nf3 exd4 4. Nxd4 g6 5. Nc3 Bg7 6. e4 Nc6 7. Be3 Nge7 8. Be2 0-0 9. 0-0 f5 10. exf5 Bxd4 11. Bxd4 Nxf5 12. Be3 Nxe3 13. fxe3 Rxf1+ 14. Qxf1 Be6 15. Qf4 Qe7 16. Nd5 Bxd5 17. cxd5 Rf8 18. Qg3 Nb4 19. Rd1 Qe4 20. Kh1 Qc2 21. Qe1 Nxa2 22. Bd3 Qxb2 23. Rb1 Qa3 24. Bc4 b5 25. Rxb5 Qa4 26. Be2 Nc3 27. Rb2 Qa3 28. Rc2 Rb8 29. Bd3 Rb1 0-1

[Event "Novosibirsk Siberia"]
[Site "Novosibirsk"]
[Date "2012.07.25"]
[Round "8"]
[White "Gubsky, Egor"]
[Black "Kagirov, Ravil"]
[Result "1/2-1/2"]
[WhiteElo "2143"]
[BlackElo "2268"]
[PlyCount "115"]
[EventDate "2012.07.18"]
[EventType "tourn"]
[EventRounds "9"]
[EventCountry "RUS"]
[EventCategory "2"]
[SourceTitle "EXT 2013"]
[Source "ChessBase"]
[SourceDate "2012.11.22"]
[SourceVersion "1"]
[SourceVersionDate "2012.11.22"]
[SourceQuality "1"]

1. d4 d5 2. c4 dxc4 3. e3 Nf6 4. Bxc4 e6 5. Nf3 a6 6. Nc3 c5 7. 0-0 b5 8. Bd3 Bb7 9. Qe2 cxd4 10. exd4 Be7 11. Rd1 0-0 12. Bg5 b4 13. Bxf6 gxf6 14. Ne4 f5 15. Nc5 Bd5 16. Ne5 Bxc5 17. dxc5 Qg5 18. f3 Nc6 19. Nxc6 Bxc6 20. Kh1 f4 21. Rac1 Rfd8 22. h3 a5 23. Qc2 h6 24. Bh7+ Kf8 25. Be4 Rac8 26. Bxc6 Rxc6 27. Rxd8+ Qxd8 28. Kh2 Qd4 29. Qh7 e5 30. Qh8+ Ke7 31. Qa8 Rg6 32. Rc2 Qd3 33. Qb7+ Kf8 34. Qe4 Qxe4 35. fxe4 Rc6 36. g3 fxg3+ 37. Kxg3 Ke7 38. Kg4 Rf6 39. c6 Kd8 40. c7+ Kc8 41. Kh5 Rf4 42. Kxh6 Rxe4 43. Kg5 Rf4 44. h4 f6+ 45. Kg6 e4 46. h5 e3 47. Re2 Rf3 48. h6 Rh3 49. h7 Rg3+ 50. Kf7 Rh3 51. Kg7 Rg3+ 52. Kxf6 Rh3 53. Kg7 Rg3+ 54. Kf6 Rh3 55. Rxe3 Rxh7 56. Re5 Rh2 57. Rxa5 Rxb2 58. Ra7 1/2-1/2

[Event "Novosibirsk Siberia"]
[Site "Novosibirsk"]
[Date "2012.07.21"]
[Round "4"]
[White "Kezin, Roman"]
[Black "Kagirov, Ravil"]
[Result "0-1"]
[WhiteElo "2388"]
[BlackElo "2268"]
[PlyCount "75"]
[EventDate "2012.07.18"]
[EventType "tourn"]
[EventRounds "9"]
[EventCountry "RUS"]
[EventCategory "2"]
[SourceTitle "EXT 2013"]
[Source "ChessBase"]
[SourceDate "2012.11.22"]
[SourceVersion "1"]
[SourceVersionDate "2012.11.22"]
[SourceQuality "1"]

1. d4 d6 2. Nc3 g6 3. e4 Bg7 4. Nf3 a6 5. Bc4 Nf6 6. Qe2 b5 7. Bb3 c5 8. dxc5 dxc5 9. e5 c4 10. exf6 Bxf6 11. Bh6 Be6 12. 0-0 Nd7 13. Rad1 cxb3 14. axb3 Qb6 15. Ne4 0-0-0 16. c4 b4 17. Ra1 Bf5 18. Nxf6 exf6 19. c5 Qe6 20. Be3 Nb8 21. Rfe1 Qxb3 22. Bf4 Qe6 23. Qf1 Qc6 24. Re7 Rd7 25. Rxd7 Qxd7 26. Bxb8 Kxb8 27. Qxa6 Be4 28. Qxf6 Re8 29. Nd4 Qe7 30. Qxe7 Rxe7 31. Re1 Ra7 32. f3 Bd5 33. Re8+ Kc7 34. Re7+ Kb8 35. Rxa7 Kxa7 36. Kf2 Kb7 37. Ke3 Ka6 38. h4 0-1

[Event "Berdsk op"]
[Site "Berdsk"]
[Date "2010.01.08"]
[Round "7"]
[White "Kagirov, Ravil"]
[Black "Latyev, Viktor"]
[Result "1-0"]
[WhiteElo "2302"]
[BlackElo "1932"]
[PlyCount "57"]
[EventDate "2010.01.02"]
[EventType "swiss"]
[EventRounds "9"]
[EventCountry "RUS"]
[SourceTitle "CBM 134 Extra"]
[Source "ChessBase"]
[SourceDate "2010.03.03"]
[SourceVersion "1"]
[SourceVersionDate "2010.03.03"]
[SourceQuality "1"]

1. e4 c5 2. Nc3 Nc6 3. d3 d6 4. Be3 e6 5. Nf3 Nf6 6. h3 Be7 7. Be2 a6 8. 0-0 0-0 9. Re1 Qc7 10. a4 b6 11. Bf1 Bb7 12. Bf4 Ne5 13. Nxe5 dxe5 14. Bh2 Rfd8 15. Qe2 Bc6 16. Nb1 Nd7 17. Qh5 Bf6 18. Nd2 g6 19. Qh6 Bg7 20. Qe3 f5 21. exf5 exf5 22. d4 f4 23. Qb3+ Kh8 24. dxe5 Bxe5 25. Nc4 Bf6 26. Rad1 b5 27. Nd6 Rf8 28. Bxf4 bxa4 29. Qe6 1-0

[Event "Berdsk op"]
[Site "Berdsk"]
[Date "2010.01.07"]
[Round "6"]
[White "Rodionova, Daria"]
[Black "Kagirov, Ravil"]
[Result "1/2-1/2"]
[WhiteElo "1809"]
[BlackElo "2302"]
[PlyCount "43"]
[EventDate "2010.01.02"]
[EventType "swiss"]
[EventRounds "9"]
[EventCountry "RUS"]
[SourceTitle "CBM 134 Extra"]
[Source "ChessBase"]
[SourceDate "2010.03.03"]
[SourceVersion "1"]
[SourceVersionDate "2010.03.03"]
[SourceQuality "1"]

1. e4 d6 2. d4 e5 3. dxe5 dxe5 4. Qxd8+ Kxd8 5. Bc4 f6 6. Be3 Nh6 7. f3 Na6 8. Nc3 c6 9. 0-0-0+ Kc7 10. Bxa6 bxa6 11. Na4 Nf7 12. Nc5 Nd6 13. Ne2 Nc4 14. Bf2 g6 15. Rd3 Bh6+ 16. Kb1 Rb8 17. b3 Rd8 18. Rhd1 Rxd3 19. Rxd3 Bf8 20. Nc3 Nd6 21. N5a4 Nc4 22. Ka1 1/2-1/2

[Event "Berdsk op"]
[Site "Berdsk"]
[Date "2010.01.04"]
[Round "3"]
[White "Kuznetsov, Evgeny"]
[Black "Kagirov, Ravil"]
[Result "1/2-1/2"]
[WhiteElo "2171"]
[BlackElo "2302"]
[PlyCount "44"]
[EventDate "2010.01.02"]
[EventType "swiss"]
[EventRounds "9"]
[EventCountry "RUS"]
[SourceTitle "CBM 134 Extra"]
[Source "ChessBase"]
[SourceDate "2010.03.03"]
[SourceVersion "1"]
[SourceVersionDate "2010.03.03"]
[SourceQuality "1"]

1. d4 d6 2. e4 e5 3. dxe5 dxe5 4. Qxd8+ Kxd8 5. Be3 Nh6 6. f3 Na6 7. Nd2 Bc5 8. Bxc5 Nxc5 9. 0-0-0 Ke7 10. Nc4 f6 11. Ne3 c6 12. Bc4 Be6 13. Ne2 Rad8 14. g3 Bxc4 15. Nxc4 b6 16. b3 Rxd1+ 17. Rxd1 Nf7 18. a4 Rd8 19. Rxd8 Nxd8 20. Kd2 Nf7 21. Ke3 Nd6 22. Nxd6 Kxd6 1/2-1/2

[Event "Berdsk Maestro op 15th"]
[Site "Berdsk"]
[Date "2009.07.15"]
[Round "8"]
[White "Bublei, Pavel"]
[Black "Kagirov, Ravil"]
[Result "1-0"]
[WhiteElo "2189"]
[BlackElo "2312"]
[PlyCount "73"]
[EventDate "2009.07.08"]
[EventType "swiss"]
[EventRounds "9"]
[EventCountry "RUS"]
[SourceTitle "EXT 2022"]
[Source "ChessBase"]
[SourceDate "2021.10.06"]
[SourceVersion "1"]
[SourceVersionDate "2021.10.06"]
[SourceQuality "1"]

1. Nf3 e6 2. d4 Nf6 3. Bg5 d5 4. e3 h6 5. Bh4 Nc6 6. c4 Bb4+ 7. Nbd2 g5 8. Bg3 dxc4 9. a3 c3 10. axb4 cxd2+ 11. Nxd2 Nxb4 12. Be5 0-0 13. h4 g4 14. Ne4 Nbd5 15. Ra5 Qe7 16. Rxd5 Qb4+ 17. Nc3 exd5 18. Bxf6 Re8 19. Be2 Re6 20. Be5 c6 21. Qd2 a5 22. Bxg4 Rxe5 23. Bxc8 Re8 24. Bf5 a4 25. 0-0 a3 26. e4 Kg7 27. bxa3 Rxa3 28. Rc1 dxe4 29. Bxe4 Rd8 30. d5 Rd6 31. Qf4 Kg8 32. dxc6 bxc6 33. Rb1 Qc5 34. Rb8+ Kg7 35. Rb7 Rf6 36. Qg3+ Kf8 37. Rb8+ 1-0

[Event "Berdsk Maestro op 15th"]
[Site "Berdsk"]
[Date "2009.07.13"]
[Round "6"]
[White "Vassiliev, G."]
[Black "Kagirov, Ravil"]
[Result "1-0"]
[WhiteElo "2163"]
[BlackElo "2312"]
[PlyCount "77"]
[EventDate "2009.07.08"]
[EventType "swiss"]
[EventRounds "9"]
[EventCountry "RUS"]
[SourceTitle "EXT 2022"]
[Source "ChessBase"]
[SourceDate "2021.10.06"]
[SourceVersion "1"]
[SourceVersionDate "2021.10.06"]
[SourceQuality "1"]

1. d4 Nf6 2. c4 Nc6 3. d5 Ne5 4. Qd4 d6 5. Nf3 c5 6. Qd1 g6 7. Nc3 Nfd7 8. Nxe5 Nxe5 9. e4 Bg7 10. Bd3 0-0 11. 0-0 f5 12. exf5 gxf5 13. Bg5 h6 14. Bh4 Ng6 15. Bg3 Bd4 16. Qh5 Kg7 17. Rae1 Ne5 18. Bf4 Rf6 19. Qh3 Bd7 20. Ne2 Bxb2 21. Ng3 Nxd3 22. Nh5+ Kf7 23. Qxd3 Rg6 24. Rb1 Be5 25. Rxb7 Rb8 26. Rxa7 Ra8 27. Qa3 Rb8 28. Re1 Bc8 29. Qe3 Qb6 30. Ra3 Qb2 31. Rb3 Rxb3 32. axb3 e6 33. Bxe5 Qxe5 34. Qxe5 dxe5 35. Rxe5 exd5 36. Rxd5 Rb6 37. Rxc5 Rxb3 38. h4 Bd7 39. Rc7 1-0

[Event "Soukhumi op"]
[Site "Soukhumi"]
[Date "2007.08.05"]
[Round "3"]
[White "Bronnikov, Konstantin Alexandr"]
[Black "Kagirov, Ravil"]
[Result "1/2-1/2"]
[WhiteElo "2198"]
[BlackElo "2317"]
[PlyCount "70"]
[EventDate "2007.08.03"]
[EventType "swiss"]
[EventRounds "9"]
[EventCountry "RUS"]
[SourceTitle "EXT 2009"]
[Source "ChessBase"]
[SourceDate "2008.11.26"]
[SourceVersion "1"]
[SourceVersionDate "2008.11.26"]
[SourceQuality "1"]

1. e4 e6 2. d4 d5 3. e5 c5 4. c3 Bd7 5. Nf3 Nc6 6. a3 f6 7. exf6 Nxf6 8. Bf4 Qb6 9. b4 cxd4 10. cxd4 Ne4 11. Bd3 Be7 12. 0-0 0-0 13. Be5 Be8 14. Nbd2 Nxe5 15. dxe5 Nxd2 16. Qxd2 Kh8 17. Qc2 Bh5 18. Be2 Bg6 19. Bd3 Rac8 20. Qd2 Bh5 21. Be2 Bg6 22. Nd4 h6 23. Bg4 Rc4 24. Rad1 Bg5 25. f4 Bd8 26. Kh1 Be4 27. Nxe6 Rc2 28. Nxf8 Rxd2 29. Rxd2 Qe3 30. Re2 Qd3 31. Ne6 Bb6 32. f5 Qc4 33. f6 Bxg2+ 34. Kxg2 Qxg4+ 35. Kh1 Qxe2 1/2-1/2

[Event "Soukhumi op"]
[Site "Soukhumi"]
[Date "2007.08.04"]
[Round "2"]
[White "Kagirov, Ravil"]
[Black "Panarin, Mikhail"]
[Result "0-1"]
[WhiteElo "2317"]
[BlackElo "2529"]
[PlyCount "50"]
[EventDate "2007.08.03"]
[EventType "swiss"]
[EventRounds "9"]
[EventCountry "RUS"]
[SourceTitle "EXT 2009"]
[Source "ChessBase"]
[SourceDate "2008.11.26"]
[SourceVersion "1"]
[SourceVersionDate "2008.11.26"]
[SourceQuality "1"]

1. e4 c6 2. d4 d5 3. exd5 cxd5 4. Bd3 Nc6 5. c3 Qc7 6. h3 Nf6 7. Nf3 g6 8. 0-0 Bg7 9. Re1 0-0 10. Be3 Ne4 11. c4 Nb4 12. Bf1 dxc4 13. Nbd2 Nd6 14. Ne5 Be6 15. a3 Nc6 16. Ndxc4 Nxc4 17. Nxc4 Rfd8 18. Qc1 Nxd4 19. Bh6 Nb3 20. Bxg7 Nxc1 21. Be5 Qc6 22. Raxc1 Rac8 23. Rc3 Bxc4 24. Bxc4 Qxc4 25. Rxc4 Rxc4 0-1

[Event "Novosibirsk Sibiria-A"]
[Site "Novosibirsk"]
[Date "2007.07.25"]
[Round "7"]
[White "Novikova, Anna"]
[Black "Kagirov, Ravil"]
[Result "1-0"]
[WhiteElo "2268"]
[BlackElo "2317"]
[PlyCount "91"]
[EventDate "2007.07.20"]
[EventType "tourn"]
[EventRounds "11"]
[EventCountry "RUS"]
[EventCategory "4"]
[SourceTitle "CBM 119 Extra"]
[Source "ChessBase"]
[SourceDate "2007.09.04"]
[SourceVersion "1"]
[SourceVersionDate "2007.09.04"]
[SourceQuality "1"]

1. d4 e6 2. Nf3 c5 3. e3 b6 4. c4 d6 5. Nc3 Nf6 6. Be2 Be7 7. 0-0 0-0 8. a3 Bb7 9. Qc2 a6 10. Rd1 Qc7 11. e4 cxd4 12. Nxd4 Nbd7 13. b3 Rac8 14. Bb2 Qb8 15. Rac1 Rfe8 16. f3 Bd8 17. Bf1 Bc7 18. g3 d5 19. exd5 exd5 20. cxd5 Ne5 21. Qf5 b5 22. Bg2 Bb6 23. Kh1 Nxd5 24. Nxd5 Bxd5 25. Rxc8 Qxc8 26. Qxc8 Rxc8 27. Nf5 Ng6 28. Rxd5 Rc2 29. Rd6 Rxb2 30. Rxb6 Rb1+ 31. Bf1 Rxf1+ 32. Kg2 Re1 33. Rxa6 h5 34. Ra8+ Kh7 35. Nd6 Re2+ 36. Kf1 Re3 37. Kf2 Rxb3 38. Nxf7 Ne7 39. h4 Nd5 40. Ra6 Rb2+ 41. Ke1 Nf6 42. g4 hxg4 43. fxg4 Kg6 44. Ne5+ Kh7 45. g5 Ne8 46. Ra8 1-0

[Event "Novosibirsk Sibiria-A"]
[Site "Novosibirsk"]
[Date "2007.07.22"]
[Round "3"]
[White "Petrukhin, Denis"]
[Black "Kagirov, Ravil"]
[Result "0-1"]
[WhiteElo "2412"]
[BlackElo "2317"]
[PlyCount "88"]
[EventDate "2007.07.20"]
[EventType "tourn"]
[EventRounds "11"]
[EventCountry "RUS"]
[EventCategory "4"]
[SourceTitle "CBM 119 Extra"]
[Source "ChessBase"]
[SourceDate "2007.09.04"]
[SourceVersion "1"]
[SourceVersionDate "2007.09.04"]
[SourceQuality "1"]

1. e4 Nf6 2. e5 Nd5 3. d4 d6 4. c4 Nb6 5. exd6 exd6 6. Nc3 Nc6 7. Be3 Be7 8. Bd3 Nb4 9. Be2 Bf5 10. Rc1 0-0 11. Nf3 d5 12. a3 Nc6 13. c5 Nc4 14. Nxd5 Qxd5 15. Bxc4 Qe4 16. 0-0 Bf6 17. Re1 Qg4 18. Be2 Be4 19. g3 Qh3 20. Bf1 Qf5 21. Bg2 Rad8 22. Bf4 Bxf3 23. Qxf3 Nxd4 24. Qxb7 Rb8 25. Qe4 Qxe4 26. Bxe4 Rxb2 27. Kf1 Ne6 28. Be3 Bd4 29. Bd5 Bxe3 30. Rxe3 Rd8 31. Rd1 Kf8 32. Rf3 c6 33. Bb3 Rxd1+ 34. Bxd1 Rb1 35. Ke1 Nxc5 36. Rc3 Na4 37. Rxc6 Nb2 38. Rd6 Ke7 39. Rd2 Ke6 40. Ke2 Nxd1 41. Rxd1 Rxd1 42. Kxd1 Kd5 43. Kc2 Kc4 44. f3 h5 0-1

[Event "Novosibirsk Sibiria-A"]
[Site "Novosibirsk"]
[Date "2007.07.21"]
[Round "2"]
[White "Kagirov, Ravil"]
[Black "Kopylov, Alexander A"]
[Result "1/2-1/2"]
[WhiteElo "2317"]
[BlackElo "2344"]
[PlyCount "77"]
[EventDate "2007.07.20"]
[EventType "tourn"]
[EventRounds "11"]
[EventCountry "RUS"]
[EventCategory "4"]
[SourceTitle "CBM 119 Extra"]
[Source "ChessBase"]
[SourceDate "2007.09.04"]
[SourceVersion "1"]
[SourceVersionDate "2007.09.04"]
[SourceQuality "1"]

1. e4 e5 2. Nf3 Nf6 3. Nxe5 d6 4. Nf3 Nxe4 5. Nc3 Nf6 6. d4 d5 7. Bd3 Be7 8. 0-0 Bg4 9. h3 Bh5 10. Re1 0-0 11. Bg5 Nbd7 12. g4 Bg6 13. Ne5 c6 14. Bf1 Nxe5 15. Rxe5 Bd6 16. Re1 Bc7 17. Bh4 Qd6 18. Bg3 Qd7 19. Be5 Ne4 20. Nxe4 dxe4 21. Bg2 Rae8 22. h4 h6 23. h5 Bh7 24. Bxc7 Qxc7 25. Qd2 f5 26. gxf5 Rxf5 27. Rxe4 Rxe4 28. Bxe4 Rg5+ 29. Bg2 Be4 30. Qxg5 hxg5 31. Bxe4 Kf7 32. Re1 Qf4 33. d5 cxd5 34. Bxd5+ Kf6 35. Re6+ Kf5 36. Re7 Qg4+ 37. Bg2 Qxh5 38. Rxb7 Qd1+ 39. Bf1 1/2-1/2

[Event "Koltsovo op-A"]
[Site "Koltsovo"]
[Date "2006.06.16"]
[Round "5"]
[White "Vekshenkov, Nikolai"]
[Black "Kagirov, Ravil"]
[Result "1/2-1/2"]
[WhiteElo "2457"]
[BlackElo "2274"]
[PlyCount "71"]
[EventDate "2006.06.12"]
[EventType "swiss"]
[EventRounds "9"]
[EventCountry "RUS"]
[SourceTitle "EXT 2008"]
[Source "ChessBase"]
[SourceDate "2007.11.25"]
[SourceVersion "1"]
[SourceVersionDate "2007.11.25"]
[SourceQuality "1"]

1. d4 c5 2. d5 d6 3. e4 e5 4. c4 Be7 5. g3 Bg5 6. Nd2 Ne7 7. Bh3 0-0 8. Bxc8 Qxc8 9. Ngf3 Bh6 10. 0-0 b6 11. Kg2 Ng6 12. h3 f5 13. exf5 Qxf5 14. Qe2 Bxd2 15. Nxd2 Ne7 16. Ne4 Qd7 17. Bd2 Na6 18. a4 Nb4 19. Bxb4 cxb4 20. a5 bxa5 21. Rxa5 Nf5 22. Ra6 b3 23. Qg4 Qf7 24. Re1 Rac8 25. Rc6 h5 26. Qe2 Rxc6 27. dxc6 Qc7 28. Qxh5 Qxc6 29. g4 Nd4 30. Qg6 Nf3 31. Qe6+ Kh8 32. Re3 Nd2 33. Qxd6 Rxf2+ 34. Kg1 Rf1+ 35. Kg2 Rf2+ 36. Kg1 1/2-1/2

[Event "Koltsovo op-A"]
[Site "Koltsovo"]
[Date "2006.06.14"]
[Round "3"]
[White "Kagirov, Ravil"]
[Black "Boriak, A."]
[Result "1-0"]
[WhiteElo "2274"]
[BlackElo "2010"]
[PlyCount "54"]
[EventDate "2006.06.12"]
[EventType "swiss"]
[EventRounds "9"]
[EventCountry "RUS"]
[SourceTitle "EXT 2008"]
[Source "ChessBase"]
[SourceDate "2007.11.25"]
[SourceVersion "1"]
[SourceVersionDate "2007.11.25"]
[SourceQuality "1"]

1. e4 d5 2. exd5 Qxd5 3. Nc3 Qd6 4. d4 a6 5. Nf3 Nf6 6. a3 Bg4 7. h3 Bh5 8. g4 Bg6 9. Bg2 Nbd7 10. 0-0 c6 11. Ne2 Qc7 12. Bf4 Qb6 13. b4 e6 14. Ne5 Qd8 15. Nc4 Nb6 16. Na5 Qd7 17. c4 Be7 18. Ng3 0-0 19. g5 Ne8 20. Ne4 Bxe4 21. Bxe4 Rd8 22. Be3 e5 23. dxe5 Qc7 24. Qc2 g6 25. f4 Ng7 26. Rad1 Na8 27. h4 Qc8 1-0